| 000 | 01276nam a2200301 a 4500 | ||
|---|---|---|---|
| 001 | BRCA_4961 | ||
| 005 | 20190320204859.0 | ||
| 008 | 221010s1696----sp-######v---#000-0#spa-# | ||
| 041 | _aspa | ||
| 044 | _asp | ||
| 084 |
_aDOC55 _b.D63 _c1696 |
||
| 245 | 1 | 0 |
_aDocumento firmado por el [Rey Carlos II] _cCarlos II. |
| 260 |
_aMadrid _c1696 |
||
| 300 |
_a[4] fojas _c30 x 21 cm |
||
| 500 | _aDocumento firmado el 9 de abril de 1696 | ||
| 500 | _aDocumento dirigido a los oficiales Reales de México para que suspendan la satisfacción (sueldos) de todo lo librado el año de 1696, excepto los de minería | ||
| 500 | _a[Real cédula] firmada como ´Yo el Rey´ | ||
| 500 | _aEl documento tiene la leyenda DOC. #65 | ||
| 500 | _aPapel con marca de agua | ||
| 500 | _aEstado de conservación: Contiene laguna por rastro de polilla y márgenes maltratados | ||
| 506 | 0 | _aFondo reservado: para su consulta es necesario credencial de usuario y carta de motivos | |
| 546 | _aTexto en: español de finales del siglo XVII | ||
| 600 | 1 | 4 |
_aCarlos _bII _cRey de España _d1661-1700 _912622 |
| 651 | 4 |
_aMéxico _vManuscrito _xHistoria _yColonia, 1521-1821 _912623 |
|
| 651 | 4 |
_aEspaña _vManuscrito _xHistoria _yCasa de Austria, 1516-1700 _912579 |
|
| 902 | _aFDH | ||
| 942 |
_2lcc _cD |
||
| 999 |
_c4655 _d4655 |
||